00206nam a2200085Ia 4500008004100000100001800041245003100059260002100090260000900111170620s9999 xx 000 0 und d aDhyani- S. N. 0aJurisprudenc and Indian Le bCentral Law Pub. c2001